| 000 | 00512nam a22001697a 4500 | ||
|---|---|---|---|
| 005 | 20251108170856.0 | ||
| 008 | 250721s1995 xx 000 0 ara d | ||
| 082 | 1 | 4 | _aم/810.3/انص |
| 100 | 1 | _aالأنصاري، ناصر | |
| 245 | 1 | 0 | _aمن بريق العقد الفريد لإبن عبد ربه / |
| 264 | 1 |
_aالقاهرة : _bدار الشروق، _c1995. |
|
| 300 | _a111ص | ||
| 500 | _aالعقد الفريد | ||
| 650 | 1 | 7 | _aالمعاجم اللغوية |
| 942 |
_2ddc _cREF |
||
| 999 |
_c51097 _d51097 |
||